000 00321nam a22001337a 4500
008 170621b xxu||||| |||| 00| 0 eng d
020 _a0312085583
041 _aeng
080 _a94
100 _a16
101 _aSHH
245 _aNEW PERSPECTIVES ON RUSSIAN AND SOVIET ARTISTIC CULTURE
_cNORMAN,J.O
942 _2udc
_cBK
999 _c18491
_d18491